000 00467nam a2200157Ia 4500
005 20250402112246.0
008 231217s9999 xx 000 0 und d
020 _a9788131407059
082 _a338.70722IT THA;1 R
100 _aBharti Thakar ed.
245 0 _aLegal issues in information technology industry : country experiences
260 _c2007
_bMacmillan
_aNew Delhi
300 _aix, 209
650 _aLegal,information,country,experiences
942 _cAA
999 _c189940
_d189940